Random matrix models and their applications / (Record no. 11920)
[ view plain ]
| 000 -LEADER | |
|---|---|
| fixed length control field | 01348cam a22003254a 4500 |
| 001 - CONTROL NUMBER | |
| control field | 12317457 |
| 005 - DATE AND TIME OF LATEST TRANSACTION | |
| control field | 20240818092919.0 |
| 008 - FIXED-LENGTH DATA ELEMENTS--GENERAL INFORMATION | |
| fixed length control field | 010221s2001 enka b 000 0 eng |
| 010 ## - | |
| -- | 2001025395 |
| 020 ## - INTERNATIONAL STANDARD BOOK NUMBER | |
| International Standard Book Number | 0521802091 |
| 040 ## - CATALOGING SOURCE | |
| Original cataloging agency | DLC |
| Transcribing agency | DLC |
| Modifying agency | DLC |
| 042 ## - | |
| -- | pcc |
| 050 00 - LIBRARY OF CONGRESS CALL NUMBER | |
| Classification number | QA188 |
| Item number | .R34 2001 |
| 082 00 - DEWEY DECIMAL CLASSIFICATION NUMBER | |
| Classification number | 512.9434 |
| Edition number | 22 |
| Item number | RAN |
| 245 00 - TITLE STATEMENT | |
| Title | Random matrix models and their applications / |
| Statement of responsibility, etc | edited by Pavel Bleher, Alexander Its. |
| 260 ## - | |
| -- | Oxford ; |
| -- | New York : |
| -- | Cambridge University Press, |
| -- | c2001. |
| 300 ## - PHYSICAL DESCRIPTION | |
| Extent | x, 438 p. : |
| Other physical details | ill. ; |
| Dimensions | 25 cm. |
| 336 ## - CONTENT TYPE | |
| Source | rdacontent |
| Content type term | text |
| Content type code | txt |
| 337 ## - MEDIA TYPE | |
| Media type term | unmediated |
| Source | rdamedia |
| Media type code | n |
| 338 ## - CARRIER TYPE | |
| Carrier type term | volume |
| Carrier type code | nc |
| Source | rdacarrier |
| 490 ## - SERIES STATEMENT | |
| Series statement | Mathematical Sciences Research Institute publications ; |
| Volume number/sequential designation | 40 |
| 504 ## - BIBLIOGRAPHY, ETC. NOTE | |
| Bibliography, etc | Includes bibliographical references. |
| 650 #0 - SUBJECT ADDED ENTRY--TOPICAL TERM | |
| Topical term or geographic name as entry element | Random matrices. |
| 9 (RLIN) | 6532 |
| 700 1# - ADDED ENTRY--PERSONAL NAME | |
| Personal name | Bleher, Pavel, |
| Dates associated with a name | 1947- |
| 9 (RLIN) | 6533 |
| 700 1# - ADDED ENTRY--PERSONAL NAME | |
| Personal name | Its, Alexander R. |
| 9 (RLIN) | 6534 |
| 856 42 - ELECTRONIC LOCATION AND ACCESS | |
| Materials specified | Publisher description |
| Uniform Resource Identifier | <a href="http://www.loc.gov/catdir/description/cam021/2001025395.html">http://www.loc.gov/catdir/description/cam021/2001025395.html</a> |
| 856 41 - ELECTRONIC LOCATION AND ACCESS | |
| Materials specified | Table of contents |
| Uniform Resource Identifier | <a href="http://www.loc.gov/catdir/toc/cam024/2001025395.html">http://www.loc.gov/catdir/toc/cam024/2001025395.html</a> |
| 942 ## - ADDED ENTRY ELEMENTS (KOHA) | |
| Source of classification or shelving scheme | Dewey Decimal Classification |
| Koha item type | Book - Borrowing |
| Classification part | RDA-MOD |
| Withdrawn status | Lost status | Source of classification or shelving scheme | Damaged status | Not for loan | Collection code | Home library | Current library | Shelving location | Date acquired | Source of acquisition | Cost, normal purchase price | Total Checkouts | Full call number | Barcode | Date last seen | Price effective from | Koha item type |
|---|---|---|---|---|---|---|---|---|---|---|---|---|---|---|---|---|---|
| Dewey Decimal Classification | Alef-Baa | Central Library | Central Library | First floor | 21/06/2009 | 150.00 | 512.9434 RAN | 000017073 | 15/07/2025 | 21/06/2009 | Book - Borrowing |